[Event "12. Longericher Sommer-Open A"]
[Site "Köln"]
[Date "2015.08.01"]
[Round "3.1"]
[White "Khanukov, Boris"]
[Black "Mohaupt, Sascha"]
[Result "0-1"]
[WhiteElo "2322"]
[BlackElo "2193"]
[PlyCount "94"]
[EventDate "2015.??.??"]
[WhiteTeam "Bahn-SC Wuppertal"]
[BlackTeam "SV Wermelskirchen"]

1. c4 e5 2. Nc3 Bb4 3. g3 Bxc3 4. dxc3 d6 5. Bg2 Nc6 6. Nf3 f5 7. e4 Nf6 8.
exf5 Bxf5 9. O-O Qd7 10. Nh4 Be6 11. Qe2 O-O 12. Be3 h6 13. b3 g5 14. Nf3 Bg4
15. Qc2 Kg7 16. h4 Nh5 17. Nh2 gxh4 18. Qd2 Rf6 19. f3 Be6 20. gxh4 Nf4 21. Kh1
Kh8 22. Rg1 Rg8 23. Bf1 Rxg1+ 24. Bxg1 Ne7 25. Be3 Neg6 26. h5 Nf8 27. Bd3 Qf7
28. Bxf4 Rxf4 29. Rg1 Qxh5 30. Qg2 Qf7 31. Qg3 Nd7 32. Be4 b6 33. Bg6 Qg7 34.
Qf2 Qf6 35. Bb1 Nf8 36. Qg3 Rh4 37. Be4 Rh5 38. Rg2 Rg5 39. Qh4 Kg7 40. Ng4
Bxg4 41. Rxg4 Ne6 42. Rxg5+ Qxg5 43. Qh3 Kf6 44. Qf1 Nf4 45. Qf2 Qh5+ 46. Qh2
Qxh2+ 47. Kxh2 Kg5 0-1

[Event "12. Longericher Sommer-Open A"]
[Site "Köln"]
[Date "2015.08.01"]
[Round "3.2"]
[White "Heinert, Eugen"]
[Black "Rotstein, Jefim"]
[Result "1-0"]
[WhiteElo "2183"]
[BlackElo "2320"]
[PlyCount "95"]
[EventDate "2015.??.??"]
[WhiteTeam "OSC Rheinhausen"]
[BlackTeam "SC Tornado Hochneukirch"]

1. d4 Nf6 2. c4 c5 3. dxc5 e6 4. Nc3 Bxc5 5. e3 O-O 6. Nf3 Nc6 7. Be2 d5 8.
cxd5 exd5 9. Nd4 Re8 10. O-O h6 11. a3 Nxd4 12. exd4 Bd6 13. Bf3 Be6 14. Be3
Ne4 15. Qb3 Nxc3 16. Qxc3 a5 17. Rac1 a4 18. Qd2 Qf6 19. Rc3 g5 20. Qe2 Bd7 21.
Bxd5 Bxh2+ 22. Kh1 Ra5 23. Rc5 Rxc5 24. dxc5 Bc7 25. Qc4 Bc6 26. Bxc6 Qxc6 27.
Rd1 Qg6 28. Kg1 Qh5 29. Rd7 Bh2+ 30. Kf1 Bf4 31. g4 Qh1+ 32. Ke2 Rxe3+ 33. fxe3
Qg2+ 34. Kd3 Qf1+ 35. Kc3 Be5+ 36. Kb4 Qf3 37. e4 Bxb2 38. Rxb7 Qxa3+ 39. Kb5
Qf3 40. Kxa4 Be5 41. c6 Qd1+ 42. Kb5 Qb1+ 43. Kc5 Qg1+ 44. Kd5 Bg7 45. c7 Qd1+
46. Kc6 Qxg4 47. Rb8+ Bf8 48. c8=Q 1-0

[Event "12. Longericher Sommer-Open A"]
[Site "Köln"]
[Date "2015.08.01"]
[Round "3.3"]
[White "Kniest, Oliver"]
[Black "Berkle, Pascal"]
[Result "1-0"]
[WhiteElo "2252"]
[BlackElo "1857"]
[PlyCount "79"]
[EventDate "2015.??.??"]
[WhiteTeam "SG Solingen"]
[BlackTeam "SV Erftstadt"]

1. d4 Nf6 2. c4 e6 3. Nc3 Bb4 4. Qc2 O-O 5. Nf3 c5 6. dxc5 Bxc5 7. Bf4 Nc6 8.
e3 Qe7 9. a3 d6 10. Rd1 Rd8 11. Be2 a6 12. O-O d5 13. cxd5 Nxd5 14. Bg5 Nf6 15.
Ne4 Bd6 16. Bd3 Ne5 17. Nxd6 Nxf3+ 18. gxf3 Rxd6 19. Bxh7+ Kf8 20. Rxd6 Qxd6
21. Rd1 Qe7 22. Be4 Rb8 23. Qc3 Ke8 24. Qe5 Ra8 25. Rc1 Kd8 26. Qa5+ Ke8 27.
Rc7 Qd6 28. Bxb7 Bxb7 29. Rxb7 Rc8 30. Bxf6 gxf6 31. Qa4+ Kf8 32. Qh4 Kg7 33.
Qg4+ Kf8 34. Qh5 Rc7 35. Qh8+ Ke7 36. Rb8 Rc1+ 37. Kg2 Qc7 38. Qf8+ Kd7 39. Re8
Qe5 40. Rd8+ 1-0

[Event "12. Longericher Sommer-Open A"]
[Site "Köln"]
[Date "2015.08.01"]
[Round "3.4"]
[White "Hajek, Florian"]
[Black "van der Valk, Niklas"]
[Result "0-1"]
[WhiteElo "1870"]
[BlackElo "2129"]
[PlyCount "36"]
[EventDate "2015.??.??"]
[WhiteTeam "Pulheimer SC"]
[BlackTeam "Godesberger SK"]

1. e4 e5 2. Nf3 Nc6 3. Bb5 a6 4. Bxc6 dxc6 5. O-O f6 6. c3 Qd3 7. Re1 Bc5 8. h3
Be6 9. Nxe5 fxe5 10. Qh5+ Kd7 11. Qxe5 Bd6 12. Qxg7+ Ne7 13. Qd4 Qxd4 14. cxd4
Rhg8 15. Re3 Ng6 16. e5 Be7 17. Nc3 Nf4 18. Rg3 Bh4 0-1

[Event "12. Longericher Sommer-Open A"]
[Site "Köln"]
[Date "2015.08.01"]
[Round "3.5"]
[White "Suvorov, Alexander"]
[Black "Liebsch, Felix"]
[Result "1/2-1/2"]
[WhiteElo "1940"]
[BlackElo "1841"]
[PlyCount "49"]
[EventDate "2015.??.??"]
[WhiteTeam "SG Porz"]
[BlackTeam "SC Bayer Leverkusen"]

1. d4 e6 2. c4 f5 3. Nf3 Nf6 4. e3 b6 5. b3 Bb7 6. Bd3 Bb4+ 7. Nbd2 O-O 8. O-O
Ne4 9. a3 Be7 10. Bb2 d5 11. Ne5 Nd7 12. Ndf3 Ndf6 13. a4 Bb4 14. Qc1 Qe7 15.
Ba3 Bxa3 16. Qxa3 Qxa3 17. Rxa3 Rac8 18. Ra2 c5 19. a5 Rc7 20. axb6 axb6 21.
Ra7 Rfc8 22. g3 h6 23. Rfa1 Nd6 24. dxc5 bxc5 25. Be2 1/2-1/2

[Event "12. Longericher Sommer-Open A"]
[Site "Köln"]
[Date "2015.08.01"]
[Round "3.6"]
[White "Engel, Johann"]
[Black "Hertling, Jürgen"]
[Result "1/2-1/2"]
[WhiteElo "1784"]
[BlackElo "1890"]
[PlyCount "65"]
[EventDate "2015.??.??"]
[WhiteTeam "Brühler SK"]
[BlackTeam "SF Köln-Mülheim"]

1. d4 Nf6 2. Nf3 g6 3. Nc3 d5 4. Bg5 Bg7 5. e3 O-O 6. Bd3 b6 7. O-O Bb7 8. Ne2
c5 9. c3 Nbd7 10. Nd2 Re8 11. c4 cxd4 12. Nxd4 Nc5 13. Bc2 dxc4 14. Qe2 Qd5 15.
N4f3 Nfe4 16. Nxe4 Nxe4 17. Rfd1 Qc6 18. Bf4 e5 19. Bg3 Nxg3 20. hxg3 h5 21. e4
Rad8 22. Nd2 b5 23. a4 a6 24. Qe3 Kh7 25. Qc3 f5 26. Qf3 Rf8 27. exf5 Qxf3 28.
fxg6+ Kh6 29. Nxf3 e4 30. Nd2 Bxb2 31. Rab1 Bd4 32. Nxe4 Bxe4 33. Bxe4 1/2-1/2

[Event "12. Longericher Sommer-Open A"]
[Site "Köln"]
[Date "2015.08.01"]
[Round "3.7"]
[White "Kemper, Horst"]
[Black "Lenhardt, Manfred"]
[Result "0-1"]
[WhiteElo "1782"]
[BlackElo "2102"]
[PlyCount "100"]
[EventDate "2015.??.??"]
[WhiteTeam "SV Bayer Dormagen"]
[BlackTeam "SC Weisse Dame (Berlin)"]

1. e4 e6 2. f4 d5 3. e5 c5 4. Nf3 Nc6 5. g3 Nh6 6. Bh3 Be7 7. d3 Qb6 8. O-O Bd7
9. c3 Rc8 10. Ng5 Bxg5 11. fxg5 Nf5 12. Bxf5 exf5 13. Qe2 O-O 14. Nd2 Rfe8 15.
Nf3 Re7 16. Bf4 Rce8 17. Qd2 d4 18. Rfe1 dxc3 19. bxc3 Be6 20. Rab1 Qa5 21. Rb2
b6 22. Qc2 Bd5 23. Nd2 g6 24. Nb3 Qa6 25. c4 Nb4 26. Qd2 Ba8 27. Re3 Qb7 28. h4
Rd8 29. a3 Qh1+ 30. Kf2 Qg2+ 31. Ke1 Qg1+ 32. Ke2 Nc6 33. Qe1 Qg2+ 34. Qf2 Nd4+
35. Nxd4 cxd4 36. Qxg2 Bxg2 37. Rf3 Bxf3+ 38. Kxf3 Rc8 39. a4 Rc5 40. g4 fxg4+
41. Kxg4 Kf8 42. h5 Ke8 43. hxg6 hxg6 44. Re2 Ra5 45. Re4 Rxa4 46. Rxd4 b5 47.
Kf3 bxc4 48. dxc4 Rc7 49. e6 Rcxc4 50. exf7+ Kxf7 0-1

[Event "12. Longericher Sommer-Open A"]
[Site "Köln"]
[Date "2015.08.01"]
[Round "3.8"]
[White "Andrijenko, Anatoliy"]
[Black "Tochtenhagen, Wolfgang"]
[Result "0-1"]
[WhiteElo "1902"]
[BlackElo "2091"]
[PlyCount "68"]
[EventDate "2015.??.??"]
[WhiteTeam "SF Köln-Longerich"]
[BlackTeam "DJK Aufwärts Aachen"]

1. e4 c5 2. Nf3 g6 3. d4 cxd4 4. Nxd4 Bg7 5. Nc3 Nc6 6. Be3 Nf6 7. Be2 O-O 8.
Qd2 d5 9. exd5 Nb4 10. a3 Nbxd5 11. Nxd5 Nxd5 12. Bh6 e5 13. Bxg7 Kxg7 14. Nb3
Nf4 15. O-O-O Bf5 16. g4 Be4 17. Rhe1 Rc8 18. c3 Qb6 19. Qe3 Qxe3+ 20. fxe3
Nxe2+ 21. Rxe2 Bf3 22. Rf2 Bxd1 23. Kxd1 f5 24. g5 h6 25. gxh6+ Kxh6 26. Ke2 g5
27. h3 Kg6 28. Nd2 e4 29. Rg2 Rh8 30. Rg3 Rc7 31. a4 Rch7 32. Nc4 Rxh3 33. Kf2
Rh2+ 34. Rg2 Kf6 0-1

[Event "12. Longericher Sommer-Open A"]
[Site "Köln"]
[Date "2015.08.01"]
[Round "3.9"]
[White "Evers, Leo"]
[Black "Kemper, Michael"]
[Result "1-0"]
[WhiteElo "2085"]
[BlackElo "1858"]
[PlyCount "102"]
[EventDate "2015.??.??"]
[WhiteTeam "SG Porz"]
[BlackTeam "SV Bayer Dormagen"]

1. d4 d5 2. c4 e5 3. dxe5 d4 4. Nf3 Nc6 5. g3 Nge7 6. Bg2 Ng6 7. O-O Ngxe5 8.
Nxe5 Nxe5 9. b3 c5 10. e3 d3 11. Bb2 Nc6 12. Nc3 Be7 13. Nd5 O-O 14. Qxd3 Be6
15. Qc3 f6 16. Rfd1 Qc8 17. Nf4 Bg4 18. f3 Bf5 19. g4 Bd7 20. Rd2 Bd8 21. Rad1
Ba5 22. Qc1 Bxd2 23. Qxd2 Rd8 24. Qd5+ Be6 25. Qxe6+ Qxe6 26. Rxd8+ Nxd8 27.
Nxe6 Nxe6 28. f4 Nd8 29. Bd5+ Kf8 30. h4 Rc8 31. g5 fxg5 32. hxg5 Nc6 33. Kg2
b6 34. Kf3 Nb4 35. a3 Nxd5 36. cxd5 c4 37. bxc4 Rxc4 38. e4 g6 39. e5 b5 40. e6
Ke7 41. Be5 a5 42. Ke3 Ra4 43. Bb2 Rc4 44. Be5 b4 45. Kd3 Rc1 46. axb4 axb4 47.
Kd4 b3 48. Bf6+ Ke8 49. d6 Rd1+ 50. Kc5 Rc1+ 51. Kb4 Rd1 1-0

[Event "12. Longericher Sommer-Open A"]
[Site "Köln"]
[Date "2015.08.01"]
[Round "3.10"]
[White "Modric, Vladimir"]
[Black "Liedmann, Dennis"]
[Result "0-1"]
[WhiteElo "1911"]
[BlackElo "2085"]
[PlyCount "50"]
[EventDate "2015.??.??"]
[WhiteTeam "SC Nied"]
[BlackTeam "SF Gerresheim"]

1. d4 g6 2. Bf4 Bg7 3. e3 f6 4. Nf3 Nh6 5. Bd3 O-O 6. Nbd2 Nf7 7. O-O d5 8. e4
g5 9. Be3 dxe4 10. Nxe4 h6 11. Ng3 Nd6 12. c4 f5 13. Nh5 f4 14. Nxg7 fxe3 15.
c5 Kxg7 16. cxd6 exf2+ 17. Rxf2 Qxd6 18. Qe2 Nc6 19. d5 Nb4 20. Qe4 Bf5 21.
Qd4+ e5 22. Nxe5 c5 23. Qc3 Nxd5 24. Qb3 Qxe5 25. Bxf5 Ne7 0-1

[Event "12. Longericher Sommer-Open A"]
[Site "Köln"]
[Date "2015.08.01"]
[Round "3.11"]
[White "Renner, Michael"]
[Black "Gülsen, Taylan"]
[Result "0-1"]
[WhiteElo "1885"]
[BlackElo "2056"]
[PlyCount "46"]
[EventDate "2015.??.??"]
[WhiteTeam "Fideler Bauer Leverkusen"]
[BlackTeam "SG Niederkassel"]

1. Nf3 g6 2. c4 Bg7 3. g3 e5 4. Nc3 d6 5. Bg2 c5 6. O-O Nc6 7. a3 f5 8. d3 h6
9. Bd2 Nf6 10. Qc2 O-O 11. Rad1 g5 12. e3 Qe8 13. Nb5 Qe7 14. Nc3 Be6 15. Ne1
f4 16. Nd5 Qf7 17. Nxf6+ Qxf6 18. Bxc6 bxc6 19. exf4 gxf4 20. gxf4 Bh3 21. f3
Qg6+ 22. Kf2 exf4 23. Rg1 Bd4+ 0-1

[Event "12. Longericher Sommer-Open A"]
[Site "Köln"]
[Date "2015.08.01"]
[Round "3.12"]
[White "Baltic, Fatih"]
[Black "Lindam, Ingo"]
[Result "1/2-1/2"]
[WhiteElo "1843"]
[BlackElo "2053"]
[PlyCount "39"]
[EventDate "2015.??.??"]
[WhiteTeam "SG Porz"]
[BlackTeam "Kölner SK Dr. Lasker"]

1. e4 c5 2. Nc3 Nc6 3. Bb5 Nd4 4. Nf3 e6 5. O-O a6 6. Bd3 Ne7 7. Nxd4 cxd4 8.
Ne2 Nc6 9. c3 Bc5 10. b4 Ba7 11. Bb2 d5 12. Qb3 O-O 13. cxd4 dxe4 14. Bxe4 Nxd4
15. Nxd4 Bxd4 16. Bxh7+ Kxh7 17. Qd3+ Kg8 18. Qxd4 Qxd4 19. Bxd4 Rd8 20. Bc3
1/2-1/2

[Event "12. Longericher Sommer-Open A"]
[Site "Köln"]
[Date "2015.08.01"]
[Round "3.13"]
[White "Stier, Artem"]
[Black "Suvorov, Luca"]
[Result "0-1"]
[WhiteElo "2052"]
[BlackElo "1812"]
[PlyCount "72"]
[EventDate "2015.??.??"]
[WhiteTeam "Godesberger SK"]
[BlackTeam "SG Porz"]

1. d4 d5 2. Nf3 Nf6 3. e3 c5 4. b3 cxd4 5. exd4 Nc6 6. Bb2 Bg4 7. h3 Bh5 8. g4
Bg6 9. Ne5 e6 10. Nd2 Nxe5 11. dxe5 Nd7 12. Nf3 Bc5 13. Bd3 Qb6 14. Rf1 Rc8 15.
a3 a5 16. h4 a4 17. Ke2 axb3 18. cxb3 O-O 19. Ra2 f6 20. b4 Be7 21. Bxg6 hxg6
22. Qd3 fxe5 23. Nxe5 Nxe5 24. Bxe5 Bf6 25. Bxf6 Rxf6 26. Rc2 Rxc2+ 27. Qxc2 e5
28. Qc5 Qe6 29. f3 e4 30. Qe3 Qa6+ 31. Ke1 exf3 32. Kf2 Re6 33. Qc1 Qe2+ 34.
Kg3 Qg2+ 35. Kf4 Re4+ 36. Kg5 Qxg4# 0-1

[Event "12. Longericher Sommer-Open A"]
[Site "Köln"]
[Date "2015.08.01"]
[Round "3.14"]
[White "Theißen, Frank"]
[Black "Speck, Stefan"]
[Result "1/2-1/2"]
[WhiteElo "1796"]
[BlackElo "2041"]
[PlyCount "65"]
[EventDate "2015.??.??"]
[WhiteTeam "TV Borken"]
[BlackTeam "SC Solingen 28"]

1. e4 c5 2. Nc3 Nc6 3. g3 g6 4. Bg2 Bg7 5. d3 d6 6. f4 e6 7. Nf3 Bd7 8. O-O a6
9. Rb1 b5 10. Be3 Nge7 11. e5 b4 12. Ne2 Nf5 13. Bf2 Qa5 14. exd6 Nxd6 15. Ne5
Rc8 16. Nxd7 Kxd7 17. Nc1 Nd4 18. c3 bxc3 19. bxc3 Qxc3 20. Qa4+ Ke7 21. Qxa6
Rhd8 22. Rb6 Rc7 23. a4 Rdd7 24. Qa8 Ra7 25. Qg8 Rd8 26. Na2 Ne2+ 27. Kh1 Rxg8
28. Nxc3 Nxc3 29. Bxc5 Nxa4 30. Bxd6+ Kd7 31. Rc6 Rc8 32. Rxc8 Kxc8 33. Rc1+
1/2-1/2

[Event "12. Longericher Sommer-Open A"]
[Site "Köln"]
[Date "2015.08.01"]
[Round "3.15"]
[White "Jörres, Till"]
[Black "Köllner, Christof"]
[Result "0-1"]
[WhiteElo "1767"]
[BlackElo "2011"]
[PlyCount "88"]
[EventDate "2015.??.??"]
[WhiteTeam "Aachener SV"]
[BlackTeam "SV Bergneustadt/Derschlag"]

1. e4 d6 2. d4 Nf6 3. Nc3 e5 4. Nf3 exd4 5. Nxd4 Be7 6. Bc4 O-O 7. O-O a6 8.
Re1 b5 9. Bf1 Re8 10. Bf4 Bb7 11. Nf3 Nh5 12. Bg3 Nxg3 13. hxg3 Nd7 14. a4 c6
15. axb5 axb5 16. Ne2 Rxa1 17. Qxa1 Bf6 18. Ned4 g6 19. Qd1 Nc5 20. Bd3 Qb6 21.
c3 Bg7 22. Bc2 b4 23. Qd2 b3 24. Bd3 Nxd3 25. Qxd3 c5 26. Qb5 Qxb5 27. Nxb5
Rxe4 28. Rxe4 Bxe4 29. Nxd6 Bxf3 30. gxf3 Bxc3 31. Nc4 Bd4 32. Kf1 Kf8 33. Ke2
Ke7 34. Na5 Bxb2 35. Nxb3 Kd6 36. Kd3 Kd5 37. Nd2 Bd4 38. Ne4 f5 39. Ng5 Bxf2
40. Nxh7 Bxg3 41. Nf8 g5 42. Nh7 c4+ 43. Kc3 Be5+ 44. Kc2 g4 0-1

[Event "12. Longericher Sommer-Open A"]
[Site "Köln"]
[Date "2015.08.01"]
[Round "3.16"]
[White "Lambertz, Michael"]
[Black "Meyer, Stefan"]
[Result "1-0"]
[WhiteElo "1999"]
[BlackElo "1782"]
[PlyCount "103"]
[EventDate "2015.??.??"]
[WhiteTeam "SF Esch"]
[BlackTeam "SV Grevenbroich"]

1. e4 Nf6 2. e5 Nd5 3. Bc4 Nb6 4. Bb3 d5 5. exd6 exd6 6. d4 Be7 7. Nf3 O-O 8.
O-O d5 9. Bf4 Bg4 10. Nbd2 N8d7 11. Re1 Bf6 12. c3 Bf5 13. Bc2 Bxc2 14. Qxc2 c6
15. Qf5 Re8 16. Rxe8+ Qxe8 17. Re1 Qd8 18. Ne5 Bxe5 19. dxe5 Nf8 20. Re3 Qd7
21. Qh5 Qe6 22. Bg3 Re8 23. f4 Qg6 24. Qd1 f6 25. Nf3 Nc4 26. Re2 fxe5 27. fxe5
Ne6 28. b3 Nb6 29. Nh4 Qh5 30. Qd2 Nd7 31. Nf3 Ndc5 32. c4 Ne4 33. Qb4 Nxg3 34.
hxg3 dxc4 35. Qxc4 Kh8 36. Rd2 Qf7 37. Rd6 Qf5 38. g4 Qb1+ 39. Kh2 Nc7 40. Qf7
Qc1 41. Qxc7 Qf4+ 42. Kh3 h5 43. Qd7 Rf8 44. gxh5 Qc1 45. h6 Qh1+ 46. Kg3 gxh6
47. Rg6 Rxf3+ 48. Kxf3 Qf1+ 49. Kg4 Qxg2+ 50. Kf5 Qh3+ 51. Rg4 Qh5+ 52. Kf6 1-0

[Event "12. Longericher Sommer-Open A"]
[Site "Köln"]
[Date "2015.08.01"]
[Round "3.17"]
[White "Rokitta, Uwe"]
[Black "Pislaru, Adrian"]
[Result "0-1"]
[WhiteElo "1981"]
[BlackElo "1721"]
[PlyCount "20"]
[EventDate "2015.??.??"]
[WhiteTeam "SF Lohmar"]
[BlackTeam "SG Porz"]

1. d4 Nf6 2. Nf3 c5 3. d5 e6 4. Nc3 exd5 5. Nxd5 Nxd5 6. Qxd5 d6 7. e4 Nc6 8.
Bb5 Qa5+ 9. c3 Qxb5 10. Ng5 Nd8 0-1

[Event "12. Longericher Sommer-Open A"]
[Site "Köln"]
[Date "2015.08.01"]
[Round "3.18"]
[White "Statz, Samuel"]
[Black "Karwatzki, Hans-Jürgen"]
[Result "1-0"]
[WhiteElo "1957"]
[BlackElo "1689"]
[PlyCount "61"]
[EventDate "2015.??.??"]
[WhiteTeam "SV Erftstadt"]
[BlackTeam "SF Stadtverwaltung Bonn"]

1. e4 e5 2. Nf3 Nc6 3. d4 exd4 4. Nxd4 Bc5 5. Be3 Nxd4 6. Bxd4 Bxd4 7. Qxd4 Qf6
8. e5 Qb6 9. Qc3 Ne7 10. Bc4 d5 11. exd6 Nf5 12. Qe5+ Kf8 13. dxc7 Bd7 14. O-O
Re8 15. Qc3 Qxc7 16. Qa3+ Kg8 17. Nd2 b5 18. Bb3 h5 19. Rfe1 Rb8 20. c3 Rh6 21.
Nf3 a5 22. Ng5 b4 23. Bxf7+ Kf8 24. cxb4 axb4 25. Qf3 Nh4 26. Qe4 Nf5 27. Be6
Nd6 28. Qf4+ Ke7 29. Bb3+ Kd8 30. Qf8+ Ne8 31. Nf7+ 1-0

[Event "12. Longericher Sommer-Open A"]
[Site "Köln"]
[Date "2015.08.01"]
[Round "3.20"]
[White "Kuhn, Andreas"]
[Black "Sewald, Kathrin"]
[Result "1-0"]
[WhiteElo "1938"]
[BlackElo "1661"]
[PlyCount "67"]
[EventDate "2015.??.??"]
[WhiteTeam "SG Niederkassel"]
[BlackTeam "SG Porz"]

1. Nf3 d5 2. c4 d4 3. g3 f6 4. Bg2 e5 5. O-O Bd6 6. e3 c5 7. exd4 cxd4 8. d3
Nc6 9. a3 Nge7 10. Nbd2 O-O 11. b4 Ng6 12. Ne4 Be7 13. Rb1 Bg4 14. h3 Be6 15.
Kh2 h6 16. Bb2 Rb8 17. Qc2 Qc7 18. Rfe1 Bf7 19. Qe2 Rfd8 20. h4 f5 21. Ned2 Bf6
22. b5 Na5 23. h5 Nf8 24. Nxe5 Re8 25. Bxd4 Nd7 26. f4 Qd6 27. Bxa7 Ra8 28.
Nxf7 Kxf7 29. Bd5+ Kf8 30. Qf2 Qxa3 31. Bd4 Qd6 32. Nf3 Re7 33. Ne5 Rae8 34.
Ng6# 1-0

[Event "12. Longericher Sommer-Open A"]
[Site "Köln"]
[Date "2015.08.01"]
[Round "3.21"]
[White "Gutt, Oswald"]
[Black "Spindler, Florian"]
[Result "1-0"]
[WhiteElo "2008"]
[BlackElo "1771"]
[PlyCount "119"]
[EventDate "2015.??.??"]
[WhiteTeam "Bergische SF"]
[BlackTeam "SG Porz"]

1. d4 Nf6 2. Nf3 e6 3. Bf4 d5 4. e3 c5 5. c3 Nc6 6. Nbd2 Be7 7. Bd3 O-O 8. h3
a6 9. Ne5 Nxe5 10. Bxe5 Nd7 11. Bh2 b5 12. O-O Bb7 13. Qe2 Rc8 14. Rae1 cxd4
15. cxd4 Qb6 16. f4 Bf6 17. Nf3 g6 18. Ne5 Nxe5 19. fxe5 Bg7 20. Rf6 Qa5 21.
Ref1 Qxa2 22. Qf2 Qb3 23. Bb1 Rc7 24. Bf4 Qb4 25. h4 Bxf6 26. exf6 Rfc8 27.
Bxc7 Rxc7 28. Qf4 Rc8 29. h5 Qf8 30. Bd3 Rc6 31. Rf3 Qd6 32. Qg5 Rc1+ 33. Bf1
Kf8 34. hxg6 hxg6 35. Rh3 Ke8 36. Rh8+ Kd7 37. Qh6 Rc7 38. Bd3 Qg3 39. Rf8 Kc6
40. Rd8 Kb6 41. Qf4 Qxf4 42. exf4 a5 43. Rd6+ Bc6 44. g4 Kb7 45. Kf2 Rd7 46.
Rxd7+ Bxd7 47. Bxg6 Be8 48. Bd3 Kc6 49. Ke3 Kd6 50. Kd2 b4 51. g5 Kc6 52. b3
Kb6 53. Ke3 a4 54. bxa4 b3 55. Kd2 Ka5 56. Bb5 Kb4 57. Kc1 Kc3 58. Bxe8 Kxd4
59. Bxf7 Kc3 60. Bg6 1-0

[Event "12. Longericher Sommer-Open A"]
[Site "Köln"]
[Date "2015.08.01"]
[Round "3.22"]
[White "Gelsok, Philipp"]
[Black "Esser, Thomas"]
[Result "1-0"]
[WhiteElo "1871"]
[BlackElo "2008"]
[PlyCount "43"]
[EventDate "2015.??.??"]
[WhiteTeam "Bergische SF"]
[BlackTeam "PTSVAachen"]

1. c4 Nf6 2. Nc3 c5 3. Nf3 e6 4. d4 cxd4 5. Nxd4 Nc6 6. Ndb5 d6 7. e4 a6 8. Nd4
Be7 9. Be2 O-O 10. O-O Qc7 11. Be3 Ne5 12. Rc1 b6 13. f4 Ned7 14. Bf3 Bb7 15.
f5 Nc5 16. fxe6 Nfxe4 17. Nxe4 Nxe4 18. Bxe4 Bxe4 19. exf7+ Rxf7 20. Rxf7 Kxf7
21. Qg4 Bg6 22. Qf3+ 1-0

[Event "12. Longericher Sommer-Open A"]
[Site "Köln"]
[Date "2015.08.01"]
[Round "3.23"]
[White "Schumacher, Markus"]
[Black "Schwark, Mario"]
[Result "0-1"]
[WhiteElo "1719"]
[BlackElo "1958"]
[PlyCount "64"]
[EventDate "2015.??.??"]
[WhiteTeam "Godesberger SK"]
[BlackTeam "SG Kalker/Deutzer"]

1. e4 d5 2. exd5 Qxd5 3. Nc3 Qa5 4. d4 c6 5. Nf3 Nf6 6. h3 Ne4 7. Bd2 Nxd2 8.
Qxd2 Bf5 9. Bc4 e6 10. O-O Bb4 11. Nh4 Bxc3 12. bxc3 Bg6 13. Rae1 O-O 14. Nxg6
hxg6 15. Re5 Qc7 16. Rfe1 Nd7 17. Rg5 Rae8 18. Bb3 Nf6 19. c4 Nh5 20. Rge5 Rd8
21. c3 b6 22. Ra1 Qxe5 23. a4 Qf4 24. Qe2 Nf6 25. a5 Ne4 26. Qc2 f5 27. Rd1 Ng5
28. d5 c5 29. axb6 axb6 30. Re1 exd5 31. cxd5 c4 32. Ba4 Rxd5 0-1

[Event "12. Longericher Sommer-Open A"]
[Site "Köln"]
[Date "2015.08.01"]
[Round "3.24"]
[White "Köllner, Ruben Gideon"]
[Black "Maczkowiak, Thomas"]
[Result "1/2-1/2"]
[WhiteElo "1681"]
[BlackElo "1942"]
[PlyCount "106"]
[EventDate "2015.??.??"]
[WhiteTeam "SV Bergneustadt/Derschlag"]
[BlackTeam "MS Halver-Schalksmühle"]

1. d4 Nf6 2. Nf3 g6 3. e3 Bg7 4. Nbd2 d5 5. Bd3 Bg4 6. c3 c6 7. h3 Bxf3 8. Nxf3
Nbd7 9. Qb3 Qb6 10. Qxb6 Nxb6 11. b3 O-O 12. O-O e6 13. Bb2 Nfd7 14. c4 dxc4
15. bxc4 Rfe8 16. Rab1 e5 17. dxe5 Nxe5 18. Nxe5 Bxe5 19. Bxe5 Rxe5 20. Rfd1
Rc5 21. Bf1 Kf8 22. Rd4 Ke8 23. Rbd1 Re5 24. g3 Re7 25. Kg2 Rd7 26. Rxd7 Nxd7
27. Kf3 Rd8 28. Rd4 Ke7 29. Kf4 f6 30. h4 Nf8 31. Rxd8 Kxd8 32. e4 Ke7 33. Ke3
Ne6 34. f4 Kd6 35. g4 Kc5 36. f5 gxf5 37. exf5 Ng7 38. Kf4 h6 39. g5 hxg5+ 40.
hxg5 fxg5+ 41. Kxg5 Ne8 42. f6 Nd6 43. Kg6 b5 44. cxb5 cxb5 45. f7 Nxf7 46.
Kxf7 Kb4 47. Bh3 Ka3 48. Be6 a5 49. Ke7 a4 50. Kd6 b4 51. Kc5 b3 52. axb3 axb3
53. Bxb3 Kxb3 1/2-1/2

[Event "12. Longericher Sommer-Open A"]
[Site "Köln"]
[Date "2015.08.01"]
[Round "3.25"]
[White "Gnass, Arno"]
[Black "Alexopoulos, Spiros Orestis"]
[Result "0-1"]
[WhiteElo "1798"]
[BlackElo "1929"]
[PlyCount "96"]
[EventDate "2015.??.??"]
[WhiteTeam "Bergische SF"]
[BlackTeam "Aachener SV"]

1. d4 Nf6 2. Nf3 c5 3. b3 cxd4 4. Bb2 e5 5. c3 dxc3 6. Nxc3 Nc6 7. e3 Bc5 8. a3
d5 9. b4 Bd6 10. Nb5 Bb8 11. Be2 O-O 12. O-O a6 13. Nc3 e4 14. Nd4 Qd6 15. g3
Ne5 16. b5 Bh3 17. Re1 Kh8 18. a4 Ba7 19. bxa6 bxa6 20. Nb3 Rfd8 21. Ba3 Qe6
22. Nd4 Bxd4 23. exd4 Neg4 24. Bf1 Bxf1 25. Rxf1 e3 26. f3 Nf2 27. Qe2 Rac8 28.
Nd1 Nxd1 29. Raxd1 Rc3 30. Bc5 Rb8 31. a5 Rcb3 32. Bb6 Nd7 33. Rb1 Rxb1 34.
Rxb1 Nxb6 35. Rxb6 Rxb6 36. axb6 Qxb6 37. Qxe3 Qe6 38. Qd2 h6 39. Kg2 Qc6 40.
Qb4 Kh7 41. Qb1+ g6 42. Qb4 Kg7 43. Qe7 Qe6 44. Qc5 Qe2+ 45. Kh3 Qxf3 46. Qd6
Qe4 47. Qc5 g5 48. Qb6 Qe6+ 0-1

[Event "12. Longericher Sommer-Open A"]
[Site "Köln"]
[Date "2015.08.01"]
[Round "3.26"]
[White "Ringeltaube, Denny"]
[Black "Kossack, Philipp"]
[Result "1/2-1/2"]
[WhiteElo "1733"]
[BlackElo "1984"]
[PlyCount "97"]
[EventDate "2015.??.??"]
[WhiteTeam "Klub Kölner SF"]
[BlackTeam "SG Porz"]

1. d4 Nf6 2. Nf3 g6 3. g3 Bg7 4. Bg2 O-O 5. O-O d6 6. c4 Na6 7. Nc3 c5 8. Re1
Qc7 9. d5 Nd7 10. e4 Nb6 11. Qe2 f6 12. Bf4 Nd7 13. Rab1 g5 14. Bd2 Nb6 15. Nd1
Nb4 16. Bxb4 cxb4 17. b3 Bg4 18. Ne3 Bh5 19. g4 Bf7 20. Nd4 Nd7 21. Nef5 Ne5
22. Qe3 Nxg4 23. Qh3 Ne5 24. Nxg7 Kxg7 25. f4 Qc5 26. Rbd1 Ng6 27. Kh1 Nh4 28.
Rg1 Qc8 29. Qg3 h6 30. Bh3 Qc7 31. Qxh4 Rh8 32. fxg5 hxg5 33. Qg3 Rh7 34. Be6
Rah8 35. Rg2 Bg6 36. Bf5 Bxf5 37. Nxf5+ Kf7 38. Nd4 Rh3 39. Qg4 R3h4 40. Qe6+
Ke8 41. Nf5 R4h7 42. Nd4 Qc5 43. Qf5 a6 44. Qg6+ Kd7 45. Qf5+ Ke8 46. Rf2 Rh4
47. Qg6+ Kd7 48. Qf5+ Ke8 49. Qg6+ 1/2-1/2

[Event "12. Longericher Sommer-Open A"]
[Site "Köln"]
[Date "2015.08.01"]
[Round "3.27"]
[White "Runte, Dirk"]
[Black "Thierkopf, Guido"]
[Result "1-0"]
[WhiteElo "1721"]
[BlackElo "1764"]
[PlyCount "35"]
[EventDate "2015.??.??"]
[WhiteTeam "Fideler Bauer Leverkusen"]
[BlackTeam "Brühler SK"]

1. d4 Nf6 2. c4 e6 3. g3 Bb4+ 4. Bd2 Bxd2+ 5. Nxd2 O-O 6. Bg2 d5 7. Ngf3 Nc6 8.
O-O Re8 9. Qc2 e5 10. dxe5 Nxe5 11. cxd5 Nxd5 12. Nxe5 Rxe5 13. Nc4 Rh5 14.
Rad1 Bh3 15. Bxh3 Rxh3 16. e4 Qf6 17. Rxd5 Qh6 18. Qd2 1-0

[Event "12. Longericher Sommer-Open A"]
[Site "Köln"]
[Date "2015.08.02"]
[Round "4.1"]
[White "Mohaupt, Sascha"]
[Black "Kniest, Oliver"]
[Result "1/2-1/2"]
[WhiteElo "2193"]
[BlackElo "2252"]
[PlyCount "52"]
[EventDate "2015.??.??"]
[WhiteTeam "SV Wermelskirchen"]
[BlackTeam "SG Solingen"]

1. e4 e6 2. d4 d5 3. Nd2 c5 4. exd5 Qxd5 5. dxc5 Bxc5 6. Ngf3 Nf6 7. Bc4 Qd8 8.
O-O O-O 9. Qe2 Nc6 10. Nb3 Bd6 11. Bg5 Qc7 12. Rad1 Ng4 13. h3 Nge5 14. Bd3
Nxd3 15. Qxd3 Bf4 16. Bxf4 Qxf4 17. Rfe1 e5 18. Qe2 f6 19. Nc5 Qb4 20. Nd3 Qb6
21. c3 Be6 22. b3 Rfe8 23. Nd2 Rad8 24. Ne4 Bf7 25. Nb2 Rxd1 26. Rxd1 Rd8
1/2-1/2